<?xml version="1.0" encoding="UTF-8"?>
<record
    xmlns:xsi="http://www.w3.org/2001/XMLSchema-instance"
    xsi:schemaLocation="http://www.loc.gov/MARC21/slim http://www.loc.gov/standards/marcxml/schema/MARC21slim.xsd"
    xmlns="http://www.loc.gov/MARC21/slim">

  <leader>00655nam a22001697a 4500</leader>
  <controlfield tag="008">230419b        |||||||| |||| 00| 0 eng d</controlfield>
  <datafield tag="040" ind1=" " ind2=" ">
    <subfield code="a">National Science Library</subfield>
    <subfield code="c">National Science Library</subfield>
  </datafield>
  <datafield tag="080" ind1=" " ind2=" ">
    <subfield code="a">389(082.2)</subfield>
    <subfield code="b">P1;1</subfield>
  </datafield>
  <datafield tag="245" ind1=" " ind2=" ">
    <subfield code="a">Advances in metrology and global trade</subfield>
    <subfield code="c">/ Proceedings 3rd international conference on metrology in new millennium and global trade (MMGT-2001)</subfield>
  </datafield>
  <datafield tag="260" ind1=" " ind2=" ">
    <subfield code="a">New Delhi: </subfield>
    <subfield code="b">Metrology Society of India, </subfield>
    <subfield code="c">2001</subfield>
  </datafield>
  <datafield tag="300" ind1=" " ind2=" ">
    <subfield code="a">x, 402p.</subfield>
  </datafield>
  <datafield tag="490" ind1=" " ind2=" ">
    <subfield code="a">Journal of metrology society of India supplementary issue no. 1</subfield>
  </datafield>
  <datafield tag="650" ind1=" " ind2=" ">
    <subfield code="a">Proceedings</subfield>
  </datafield>
  <datafield tag="700" ind1=" " ind2=" ">
    <subfield code="a">Jain, P C (Ed.)</subfield>
  </datafield>
  <datafield tag="700" ind1=" " ind2=" ">
    <subfield code="a">Kothari, P C (Ed.)</subfield>
  </datafield>
  <datafield tag="942" ind1=" " ind2=" ">
    <subfield code="2">udc</subfield>
    <subfield code="c">PR</subfield>
  </datafield>
  <datafield tag="999" ind1=" " ind2=" ">
    <subfield code="c">20792</subfield>
    <subfield code="d">20792</subfield>
  </datafield>
  <datafield tag="952" ind1=" " ind2=" ">
    <subfield code="0">0</subfield>
    <subfield code="1">0</subfield>
    <subfield code="2">udc</subfield>
    <subfield code="4">0</subfield>
    <subfield code="6">3890822_P11</subfield>
    <subfield code="7">0</subfield>
    <subfield code="9">30526</subfield>
    <subfield code="a">NSL</subfield>
    <subfield code="b">NSL</subfield>
    <subfield code="c">GF/Rk-5/C-14/R-1</subfield>
    <subfield code="d">2005-03-24</subfield>
    <subfield code="l">0</subfield>
    <subfield code="o">389(082.2) P1;1</subfield>
    <subfield code="p">181997</subfield>
    <subfield code="r">2023-04-19 00:00:00</subfield>
    <subfield code="w">2005-03-24</subfield>
    <subfield code="y">PR</subfield>
  </datafield>
  <datafield tag="952" ind1=" " ind2=" ">
    <subfield code="0">0</subfield>
    <subfield code="1">0</subfield>
    <subfield code="2">udc</subfield>
    <subfield code="4">0</subfield>
    <subfield code="6">3890822_P1</subfield>
    <subfield code="7">0</subfield>
    <subfield code="9">30528</subfield>
    <subfield code="a">NSL</subfield>
    <subfield code="b">NSL</subfield>
    <subfield code="c">GF/Rk-5/C-14/R-1</subfield>
    <subfield code="d">2001-02-11</subfield>
    <subfield code="l">0</subfield>
    <subfield code="o">389(082.2) P1</subfield>
    <subfield code="p">179887</subfield>
    <subfield code="r">2023-04-19 00:00:00</subfield>
    <subfield code="w">2001-11-02</subfield>
    <subfield code="y">PR</subfield>
  </datafield>
</record>
